| 000 | 00328nam a22001097a 4500 | ||
|---|---|---|---|
| 082 |
_a425 _bWOO/R |
||
| 100 | _aWOOD, F T | ||
| 245 | _aTHE REMEDIAL ENG-GRAMMAR FOR FOREIGN STUDENTS | ||
| 246 |
_aTHE REMEDIAL ENG-GRAMMAR FOR FOREIGN STUDENTS _bTHE REMEDIAL ENG-GRAMMAR FOR FOREIGN STUDENTS |
||
| 650 | _aENGLISH GRAMMAR | ||
| 942 | _cBK | ||
| 999 |
_c8862 _d8862 |
||